Great Expectations / (رقم التسجيلة. 115519)
[ عرض عادي ]
| 000 -الفاتح | |
|---|---|
| عناصر البيانات ثابتة الطول | 00527cam a2200193 i 4500 |
| 005 - تاريخ ووقت آخر معاملة | |
| حقل ضبط | 20260406123856.0 |
| 008 - عناصر البيانات ثابتة الطول | |
| عناصر البيانات ثابتة الطول | 250721s2007 su gr 000 f eng d |
| 020 ## - الترقيم الدولي المعياري للكتب (ردمك) | |
| الترقيم الدولي المعياري للكتب (ردمك) | 9774086236 |
| 082 14 - رقم تصنيف ديوي العشري | |
| رقم التصنيف | F |
| رقم المادة | D I C |
| 100 1# - مدخل رئيسي – اسم شخصي | |
| الاسم الشخصي | dickens, Charles |
| علاقة الشخص بالعمل/ دوره | Author. |
| 245 10 - بيان العنوان | |
| العنوان | Great Expectations / |
| بيان المسؤولية | Charles Dickens. |
| 250 ## - بيان الطبعة | |
| بيان الطبعة | first edition. |
| 264 31 - بيانات النشر، التوزيع…إلخ | |
| اسم الناشر، الموزع...إلخ | دار الفاروق, |
| تاريخ النشر، التوزيع...إلخ | 2007. |
| مكان النشر، التوزيع...إلخ | مصر : |
| 300 ## - الوصف المادي | |
| عدد الوحدات المكونة للوعاء | 466 pages. |
| 650 17 - مدخل إضافي بالموضوع - مصطلح موضوعي | |
| مصطلح موضوعي أو اسم جغرافي كعنصر مدخل | FICTION. |
| 650 17 - مدخل إضافي بالموضوع - مصطلح موضوعي | |
| مصطلح موضوعي أو اسم جغرافي كعنصر مدخل | ENGLISH FICTION. |
| 942 ## - بيانات إضافية (كوها) | |
| نوع التنصيف | Dewey Decimal Classification |
| نوع المادة (كوها) | كتب |
| حالة السحب | حالة الفقدان | مصدر التصنيف | حالة التلف | غير قابل للإعارة | المكتبة الرئيسية | المكتبة الحالية | موقع الرف | تاريخ التزويد | رقم المخزون | Total Checkouts | رقم الإستدعاء | الباركود | تاريخ آخر ظهور | تاريخ الفاتورة | نوع المادة (كوها) |
|---|---|---|---|---|---|---|---|---|---|---|---|---|---|---|---|
| Dewey Decimal Classification | المكتبة المركزية | المكتبة المركزية | الإعارة | 28/07/2025 | 1251037 | F/DIC | PLD00062139 | 28/07/2025 | 28/07/2025 | كتب | |||||
| Dewey Decimal Classification | المكتبة المركزية | المكتبة المركزية | الأطفال | 21/02/2013 | 1543632 | F / D I C | PLD00265163 | 28/07/2025 | 21/02/2013 | كتب | |||||
| Dewey Decimal Classification | مكتبة الجويدة | مكتبة الجويدة | الإعارة | 21/02/2013 | 1543633 | F/DIC | PLD00265164 | 28/07/2025 | 21/02/2013 | كتب |